000
00312nam a2200121Ia 4500
008
220204s9999 xx 000 0 und d
082
_a
929A/Z(JON)
_b
FIE
100
_a
Henry
245
0
_a
History of Tom Jones: A foundling
260
_a
Chicago
_b
Encyclopedia Britanica
_c
1952
505
_a
set price
942
_c
BK
999
_c
36164
_d
36164